[Event "Dvorkovich Memorial Rapid 2018"]
[Site "Taganrog"]
[Date "2018.01.14"]
[Round "8"]
[White "Kharchenko, Boris"]
[Black "Musalov, Ruslan"]
[Result "1/2-1/2"]
[WhiteElo "2464"]
[BlackElo "2338"]
[Annotator "TA"]
[PlyCount "147"]
[EventDate "2018.??.??"]
[EventType "swiss"]
[EventCountry "RUS"]
[SourceTitle "playchess.com"]
[Source "ChessBase"]
[SourceQuality "1"]

{[%evp 9,147,25,21,-53,-49,-137,-137,-160,304,16,63,-287,-287,-275,-301,-289,-260,-252,-247,-314,-310,-306,-304,-343,-333,-397,-370,-383,-383,-425,-428,-408,-389,-415,-415,-387,-366,-384,-388,-390,-370,-376,-282,-280,-255,-263,-201,-198,-196,-196,-193,-217,-193,-193,-193,-232,-222,-224,-225,-262,-264,-262,-250,-268,-212,-210,-169,-168,-168,-173,-165,-160,-137,-152,-95,-126,-50,-55,0,0,0,0,0,0,87,0,0,0,0,-34,-4,-7,0,-9,0,0,0,-187,0,0,265,0,0,0,133,133,133,133,133,0,0,0,0,0,0,0,0,0,0,0,0,0,0,0,0,0,0,0,0,0,0,0,0,0,0,0,0,0,0,0]} 1. e4 e5 2. Nf3 Nc6 3. Bb5 Nf6 4. O-O Nxe4 5. Re1 Nd6 6. Bd3 $146 {C67: Ruy Lopez: Berlin Defence: 4 0-0 Nxe4} (6. Nxe5 $11 Be7 7. Bxc6 dxc6 8. d3) ({Predecessor:} 6. Nxe5 Be7 7. Bf1 Nxe5 8. Rxe5 O-O 9. Nc3 Ne8 10. Nd5 Bd6 11. Re1 c6 12. Ne3 Bc7 13. Nf5 d5 14. Ne7+ Kh8 15. Nxc8 Rxc8 16. d3 f5 {½-½ (29) Vachier Lagrave,M (2789)-Karjakin,S (2760) Riadh 2017}) 6... f6 $1 $15 7. Nh4 ({White should play} 7. Bf1 $15) 7... Nf7 $17 8. Nc3 {Black is clearly better.} e4 $2 (8... d5 $17 {stays on course.} 9. b3 Be6) 9. Qf3 $2 ({Not} 9. Nxe4 Be7 $16) ({Don't do} 9. Rxe4+ $6 Ne7 $16) ({White has to play} 9. Bxe4 $18 Be7 10. Nd5) 9... d5 {[#]} 10. Qh5 $2 {[%mdl 8192]} (10. Nxd5 $1 $14 {[%mdl 512] is the one way to stay ahead.} Nce5 (10... Qxd5 11. Bxe4) 11. Qxe4) 10... Nce5 $19 11. Nxe4 dxe4 12. Bxe4 Be7 13. Qe2 g6 14. d4 Qxd4 15. Nf3 Qc4 16. Bd3 Qg4 17. Kh1 O-O 18. Be4 Bd6 19. Qf1 Nxf3 20. Bxf3 Qb4 21. a3 Qh4 {[%csl Gd6][%cal Rh4h2]} 22. g3 Qh3 23. Bg2 Qh5 24. f4 Rb8 25. Be3 Bd7 26. Bxa7 Ra8 27. Bd4 Bc6 28. Bxc6 bxc6 29. Bxf6 Nh6 30. Bc3 Qd5+ 31. Qg2 Rfe8 32. Rad1 Rxe1+ 33. Rxe1 Kf7 34. Qxd5+ cxd5 35. Kg2 c5 36. Kf3 d4 37. Bd2 Nf5 38. g4 Ne7 39. Ke4 Rb8 40. b3 Re8 41. a4 h5 ({Black should try} 41... Ke6 42. a5 Kd7) 42. h3 Bc7 (42... Ke6 $17 43. a5 hxg4 44. hxg4 Ra8) 43. Kd3 $15 Nd5 (43... Rd8 $15) 44. Rxe8 $11 Kxe8 45. gxh5 gxh5 46. Kc4 Nf6 (46... Nxf4 $11 {remains equal.} 47. Kxc5 Nxh3) 47. a5 (47. Kxc5 $16 Ne4+ 48. Kc6) 47... Kd7 $1 48. Kb5 Ne4 49. Bc1 Kd6 50. a6 $1 {[%cal Ra6a7]} Nc3+ 51. Kc4 $132 {[%mdl 2048] Black must now prevent a7. White is fighting back} Bb6 52. f5 $1 {[%cal Bf4f5,Bf5f6][%mdl 32]} Kc6 53. Bf4 $2 (53. Kd3 $11 {and White is okay.}) 53... Ne4 $2 (53... Nd5 $19 54. Bg5 Ne3+ 55. Bxe3 dxe3) 54. Be5 Nd2+ 55. Kd3 Nf3 56. Bf4 {Strongly threatening f6.} Kd5 (56... Ne1+ $11 {keeps the balance.} 57. Kd2 Ng2) 57. f6 $16 Ke6 {[#] Threatening ...Ba7.} 58. Bb8 $1 Ne1+ {[#]} ({Avoid the trap} 58... Kxf6 $2 59. Kc4) 59. Kc4 (59. Kd2 $1 $16 {[%cal Rd2e1]} Ng2 60. a7 Bxa7 61. Bxa7) 59... Nxc2 $11 {And now ...Na3+ would win.The position is equal.} 60. a7 Ne3+ 61. Kd3 Bxa7 $1 62. Bxa7 {[%mdl 4096] Endgame KB-KN} Nd5 63. Bxc5 (63. h4 {feels hotter.} Nf4+ 64. Kc4 Ng2 65. Bxc5 Nxh4 66. b4) 63... Nf4+ 64. Kxd4 {Threatens to win with b4.} (64. Kc4 {is more complex.} Nxh3 65. b4 Nf4 66. f7 Kxf7 67. Bd6) 64... Kxf6 65. h4 Ng2 66. Bb6 {aiming for Ke4.} Ke7 $1 67. Kd5 {Hoping for Bf2.} Nxh4 68. b4 Kd7 69. b5 Nf5 70. Bc5 h4 71. b6 h3 72. Bg1 Kc8 73. Ke5 Nh4 74. Ke4 {Precision: White = 44%, Black = 67%.} 1/2-1/2

[Event "Dvorkovich Memorial Rapid 2018"]
[Site "Taganrog"]
[Date "2018.01.14"]
[Round "8"]
[White "Lugovskoy, Maxim"]
[Black "Sjugirov, Sanan"]
[Result "1/2-1/2"]
[WhiteElo "2459"]
[BlackElo "2652"]
[Annotator "TA"]
[PlyCount "28"]
[EventDate "2018.??.??"]
[EventType "swiss"]
[EventCountry "RUS"]
[SourceTitle "playchess.com"]
[Source "ChessBase"]
[SourceQuality "1"]

{[%evp 21,25,0,0,0,4,0]} 1. e4 c6 2. d4 d5 3. Nc3 dxe4 4. Nxe4 Bf5 5. Ng3 Bg6 6. Nh3 Nf6 7. Nf4 e5 8. Nxg6 hxg6 9. dxe5 Qa5+ 10. Bd2 Qxe5+ 11. Qe2 Nbd7 {LiveBook: 63 Partien} 12. Bc3 {B18: Caro-Kann (Hauptvariante)} Qxe2+ 13. Bxe2 {Vorgänger:} Nd5 $146 14. Bd2 N5f6 {½-½ (17) Azarov,S (2584)-Gauri,S (2362) Dayton 2017} 1/2-1/2

[Event "Dvorkovich Memorial Rapid 2018"]
[Site "Taganrog"]
[Date "2018.01.14"]
[Round "8"]
[White "Kornyukov, Alexey"]
[Black "Potapenko, Denis"]
[Result "1-0"]
[WhiteElo "2452"]
[BlackElo "2158"]
[Annotator "TA"]
[PlyCount "61"]
[EventDate "2018.??.??"]
[EventType "swiss"]
[EventCountry "RUS"]
[SourceTitle "playchess.com"]
[Source "ChessBase"]
[SourceQuality "1"]

{[%evp 25,61,29,47,36,85,69,96,57,64,71,98,48,24,8,6,0,41,17,192,200,731,708,704,699,689,674,660,612,696,645,1204,1423,1215,1016,29987,29988,29988,29980]} 1. d4 Nf6 2. c4 e5 3. dxe5 Ng4 4. e4 Nxe5 5. f4 Nec6 6. a3 a5 7. Be3 Na6 8. Nc3 Bc5 9. Qd2 d6 10. Nf3 O-O 11. Bd3 Re8 12. O-O Bxe3+ 13. Qxe3 Nc5 14. Bc2 {A52: Budapest Gambit} b6 15. Rae1 $146 ({Predecessor:} 15. Qf2 a4 16. Rfe1 Bg4 17. Rad1 Na5 18. Nxa4 Nxc4 19. Nxc5 bxc5 {1-0 (41) Lorscheid,G (2255)-Biro,S (2380) Kecskemet 1990}) 15... Bb7 16. Nd5 {White is better.} Ne7 17. Qc3 Ng6 18. f5 Ne5 19. Nxe5 Rxe5 20. f6 Bxd5 21. exd5 gxf6 $2 {[#]} (21... Rxe1 $11 {and Black has nothing to worry.} 22. Qxe1 g6) 22. Qh3 $40 {[%mdl 128] White goes for the king.} Kf8 $2 (22... Nd7 23. Rxe5 (23. Bxh7+ Kf8 $16) 23... Nxe5 24. Qxh7+ Kf8 25. Qh6+ Ke7 26. Qxf6+ Kf8) 23. Rxe5 dxe5 24. Qh6+ Ke8 25. Rxf6 Nd7 26. Rf3 Qe7 27. Qxh7 {[#] Black must now prevent Rxf7!} Nf8 28. Ba4+ Kd8 29. Qxf7 Qc5+ 30. Kh1 {[%csl Ga4][%cal Rf7e8]} b5 31. Qxf8+ {Precision: White = 57%, Black = 20%.} 1-0

[Event "Dvorkovich Memorial Rapid 2018"]
[Site "Taganrog"]
[Date "2018.01.14"]
[Round "8"]
[White "Kovalchuk, Alexey"]
[Black "Volkov, Sergey"]
[Result "0-1"]
[WhiteElo "2444"]
[BlackElo "2627"]
[Annotator "TA"]
[PlyCount "86"]
[EventDate "2018.??.??"]
[EventType "swiss"]
[EventCountry "RUS"]
[SourceTitle "playchess.com"]
[Source "ChessBase"]
[SourceQuality "1"]

{[%evp 18,86,24,8,6,4,8,7,14,19,26,-1,0,-6,0,-11,0,8,7,0,27,0,5,0,-8,0,27,-4,-3,-12,16,0,0,-26,-25,-14,-18,-38,15,0,25,-5,12,-7,7,0,0,-32,0,0,0,0,238,0,0,0,0,0,0,-201,-197,-726,0,-5410,-2117,-1591,-806,-752,-800,-701,-700]} 1. d4 d5 2. c4 c6 3. cxd5 cxd5 4. Bf4 Nc6 5. e3 Nf6 6. Nc3 a6 7. Bd3 Bg4 8. f3 Bd7 9. Nge2 e6 {D10: Damengambit (Slawische Verteidigung)} 10. Bg3 {LiveBook: 12 Partien} Nb4 $146 ({Vorgänger:} 10... Rc8 11. O-O Na5 {½-½ (11) Neuman,P (2428)-Bulski,K (2533) Slovakia 2015}) 11. Bb1 Be7 {Die Stellung ist ausgeglichen.} 12. O-O O-O 13. a3 Nc6 {[%cal Bb4c6,Bc6a7,Ba7b5,Bb5c3][%mdl 32]} 14. b4 Na7 15. Qd3 Nb5 16. e4 (16. Bh4 {with more complications.} g6 17. Bc2 Rc8 18. Bb3 Nh5 19. Bxe7 Qxe7 20. Na4) 16... Nxc3 17. Nxc3 {Schwarz muss nun e5 beachten.} g6 18. Ba2 {[%cal Re4d5]} Bc6 19. Rfe1 Qd7 20. e5 Nh5 21. Bf2 f5 22. exf6 Bxf6 23. Qd2 Rae8 24. Be3 Bh4 25. Red1 Bd8 {[%cal Bh4d8,Bd8c7,Bc7d6][%mdl 32]} 26. Bb3 Bc7 27. Rf1 Bb5 (27... Ng7 $15) 28. Nxb5 $11 Qxb5 29. Qc2 Qd7 (29... Qb6 {seems wilder.} 30. Rac1 Rc8 31. g3 Ng7 32. Qd3 Nf5) 30. Rac1 Bd6 31. Ba4 b5 {...Tc8 ist eine echte Drohung.} 32. Qc6 Qe7 33. Bb3 Bxh2+ 34. Kxh2 {Und weiter mit g3 wäre nett.} Qh4+ 35. Kg1 Ng3 {[%cal Rg3e2]} 36. Qc2 Rf5 37. Kf2 {Droht stark Tg1.} Kh8 $1 {Droht ...e5 und aus.} 38. Rg1 $2 {[#]} (38. Qd3 $11 {und Weiss muss sich keine Sorgen machen.}) 38... e5 $1 $19 {[%cal Re5d4]} 39. dxe5 $2 {[#]} (39. Qc6 Rff8 40. Bxd5 (40. dxe5 $2 d4 $19)) 39... Rfxe5 $2 ({Günstiger ist} 39... d4 $1 $19 {[%cal Rd4e3]} 40. Bg5 Rxg5) 40. Rce1 $2 {[%mdl 8192] [#]} (40. Qb2 $11) 40... Rxe3 $1 {[%mdl 512] Schwarz steht klar auf Gewinn.} 41. Rxe3 Nf5+ 42. g3 Qh2+ 43. Rg2 {[#]} Qxg2+ $1 {[%mdl 512] Precision: Weiß = 28%, Schwarz = 61%.} 0-1

[Event "Dvorkovich Memorial Rapid 2018"]
[Site "Taganrog"]
[Date "2018.01.14"]
[Round "8"]
[White "Zakaryan, David"]
[Black "Tunik, Gennady"]
[Result "1-0"]
[WhiteElo "2420"]
[BlackElo "2378"]
[Annotator "TA"]
[PlyCount "84"]
[EventDate "2018.??.??"]
[EventType "swiss"]
[EventCountry "RUS"]
[SourceTitle "playchess.com"]
[Source "ChessBase"]
[SourceQuality "1"]

{[%evp 22,84,2,12,25,27,29,20,22,18,31,28,35,31,38,35,29,14,0,-46,57,23,23,24,44,44,233,233,167,-20,0,-23,-34,-118,-127,-180,-141,-154,-43,-41,-43,-43,-19,-31,31,15,40,41,35,37,88,32,594,583,574,570,524,381,1202,1210,1373,1204,1065,1054,29989]} 1. d4 Nf6 2. Nf3 e6 3. Bg5 c5 4. e3 d5 5. Nbd2 Nbd7 6. c3 Be7 7. Bd3 b6 8. Qe2 Bb7 {D03: 1 d4 d5 2 Nf3 Nf6 3 Bg5, including Torre Attack with early ...d5} 9. Ne5 Nxe5 10. dxe5 Nd7 11. Bxe7 Qxe7 12. f4 {LiveBook: 4 Games} f6 13. exf6 {[#]} Nxf6 $146 ({Predecessor:} 13... gxf6 14. e4 O-O-O 15. exd5 Rhe8 16. O-O-O exd5 17. Qxe7 Rxe7 18. Rhe1 Rde8 {1-0 (32) Harikrishna,P (2674)-Moradiabadi,E (2539) Doha 2006}) 14. Bb5+ Kf7 15. O-O Rhf8 16. Nf3 Kg8 17. Ne5 a6 18. Bd3 b5 19. Rf3 d4 20. Rh3 dxe3 ({Black should try} 20... c4 $1 $15 21. Bxh7+ Nxh7) 21. Qxe3 c4 22. Bc2 Rae8 23. Re1 g6 $2 {[#]} (23... Qc7 $1 $14) 24. Bxg6 $1 $18 {[%mdl 512]} hxg6 25. Rh6 $2 {[#]} (25. Nxg6 $18 Qg7 26. Qb6 (26. Rh8+ Kf7 $15)) 25... Rf7 $1 $11 {[%cal Rf7h7]} 26. Nxg6 (26. f5 $5 {[%cal Re5g6]} Rh7 27. Rxh7 Qxh7 28. fxg6 $15) (26. Nxf7 Kxf7) 26... Qd6 {White must now prevent ...Ng4.} 27. Qh3 (27. Rh8+ $1 $15 Kg7 28. Rxe8 Nxe8 29. Ne5) 27... Nh7 28. Qe3 (28. Qg4 $17 {was necessary.}) 28... Qd5 {[%csl Gb7][%cal Rd5g2]} 29. Re2 {[#]} Rg7 (29... Qd1+ $1 $17 30. Re1 Qc2) 30. h4 $1 $15 Qd3 31. h5 Qxe3+ 32. Rxe3 Nf8 ({Better is} 32... Bc8 $15) 33. Rh8+ $14 {[%mdl 1024] White has compensation.} Kf7 34. Ne5+ Ke7 $1 35. g4 Rd8 (35... Rh7 $14 36. Rxh7+ Nxh7) 36. g5 (36. Kf2 $16) 36... Nd7 $2 {[%mdl 8192]} ({Black should play} 36... Rh7 $1 $14 37. Rxh7+ Nxh7) 37. Ng6+ $18 Rxg6 38. Rxd8 Rg7 39. h6 {[%cal Bh5h6,Bh6h7][%mdl 32]} Rf7 $2 (39... Rh7) 40. g6 {White is clearly winning.} Rxf4 41. Rxd7+ Kxd7 42. h7 Ke8 {Precision: White = 51%, Black = 27%.} 1-0

[Event "Dvorkovich Memorial Rapid 2018"]
[Site "Taganrog"]
[Date "2018.01.14"]
[Round "8"]
[White "Matjushin, Gennady"]
[Black "Kiselev, Vitaliy"]
[Result "0-1"]
[WhiteElo "2417"]
[BlackElo "2516"]
[Annotator "TA"]
[PlyCount "120"]
[EventDate "2018.??.??"]
[EventType "swiss"]
[EventCountry "RUS"]
[SourceTitle "playchess.com"]
[Source "ChessBase"]
[SourceQuality "1"]

{[%evp 18,120,21,12,1,0,0,0,11,-7,18,-24,33,33,39,0,23,16,29,39,54,0,0,0,16,16,18,25,17,0,0,-21,-21,-14,18,0,0,0,31,31,31,31,31,31,31,0,58,0,0,0,0,0,0,-88,-75,-105,-87,-95,-88,-91,-94,-114,-91,-149,-137,-139,-135,-151,-85,-134,-147,-151,-14,-245,-231,-341,-349,-393,-292,-302,-275,-300,-304,-583,-574,-583,-579,-693,-690,-890,-859,-1029,-1019,-863,-741,-829,-815,-1149,-1129,-29979,-29979,-29992,-29993,-29993,-540]} 1. e4 c5 2. Nf3 Nc6 3. Bb5 Nf6 4. Bxc6 dxc6 5. d3 g6 6. h3 Bg7 7. Nc3 Nd7 8. Be3 e5 9. Qd2 h6 {B31: Sicilian: 2...Nc6 3 Bb5 g6} (9... Qe7 10. Bh6 f6 11. Bxg7 Qxg7 12. Nh2 g5 13. Ng4 Nf8 14. Ne3 Ng6 15. a3 Be6 16. b4 Qe7 17. Na4 b6 18. g3 h5 {1-0 (48) Cheparinov,I (2703)-Kveinys,A (2542) Warsaw 2017}) 10. Ng1 {LiveBook: 8 Games} b6 11. Nge2 Nf8 {The position is equal.} 12. O-O Ne6 13. f4 $146 ({Find the theoretical novelty and annotate with similar games:} 13. Rad1 g5 14. Ng3 Nd4 15. Nb1 Be6 16. Na3 O-O 17. b3 {½-½ (74) Kasparov,S (2485)-Corrales Jimenez,F (2599) Figueira da Foz 2010}) 13... Qe7 14. Rf2 Nd4 ({Better is} 14... exf4 $11 15. Nxf4 Nxf4 16. Bxf4 g5) 15. Raf1 f6 16. Nc1 Be6 17. f5 Bf7 18. fxg6 Bxg6 19. N1e2 (19. a4 $1 $14) 19... h5 $11 20. Ng3 h4 21. Nf5 Nxf5 22. exf5 Bf7 23. Ne4 O-O-O 24. Qc3 Bd5 ({But not} 24... Bxa2 $2 25. b3 $18) 25. a3 {[#]} c4 $1 {[%mdl 512]} 26. a4 (26. dxc4 Bxe4) 26... Kb7 27. a5 cxd3 28. cxd3 Bh6 29. Bxh6 Rxh6 30. Ra1 Rhh8 31. b3 Ra8 (31... Bxe4 $11 32. dxe4 Qd6) 32. a6+ (32. Re2 $14) 32... Kc7 33. Re1 Rad8 34. Rfe2 {[%cal Bf2e2,Be2e3,Be3a3][%mdl 32]} Bxe4 35. dxe4 (35. Rxe4 $11 {remains equal.} Qd6 36. Qc4) 35... Qd6 36. Kh1 Qd4 37. Qf3 Qd3 38. Re3 Qxa6 39. b4 {White wants to play Ra3.} Qc4 40. Ra3 (40. Ra1 $142) 40... Kb8 $17 41. Rea1 Rd7 42. Rc3 Qb5 (42... Qd4 $142 43. Rac1 Rc8) 43. Rac1 Rc8 ({Don't do} 43... Qxb4 44. Rxc6 Qd2 45. Qb3 $15) 44. Qh5 {[#]} Qxb4 (44... Rd6 $1 $17 45. Qxh4 Qxb4) 45. Qxh4 $2 (45. Rxc6 $11 Rxc6 46. Rxc6 Qe1+ 47. Kh2 Qg3+ 48. Kh1 Qe1+ 49. Kh2 Qg3+ 50. Kh1 Qe1+) 45... Qd6 $19 46. Rg3 (46. Rc4 $142) 46... c5 {[%cal Bc6c5,Bc5c4][%mdl 32]} 47. Rg6 Rc6 48. Rg8+ Kb7 49. Qh8 c4 50. Rg3 $2 (50. Ra8 Qa3 51. Rc2) 50... b5 {[%cal Bb6b5,Bb5b4][%mdl 32]} 51. Qg8 a5 52. h4 Rc8 53. Qg4 b4 54. Qe2 Qd2 55. Qf1 Rd4 56. Rg7+ Kb6 57. Re7 Rxe4 58. Re6+ Kb5 {Black mates.} 59. Rd1 Rxh4+ 60. Kg1 Qe3+ {Precision: White = 27%, Black = 62%.} 0-1

[Event "Dvorkovich Memorial Rapid 2018"]
[Site "Taganrog"]
[Date "2018.01.14"]
[Round "8"]
[White "Kotenko, Pavel"]
[Black "Garkushin, Artem"]
[Result "1-0"]
[WhiteElo "2403"]
[BlackElo "2088"]
[Annotator "ChessBase"]
[PlyCount "64"]
[EventDate "2018.??.??"]
[EventType "swiss"]
[EventCountry "RUS"]
[SourceTitle "playchess.com"]
[Source "ChessBase"]
[SourceQuality "1"]
[TimeControl "900+10"]

1. e4 {[%emt 0:00:00]} e6 {[%emt 0:00:05]} 2. d4 {[%emt 0:00:00]} d5 {[%emt 0:00:02]} 3. Nc3 {[%emt 0:00:00]} Nf6 {[%emt 0:00:01]} 4. e5 {[%emt 0:00:00]} Nfd7 {[%emt 0:00:00]} 5. f4 {[%emt 0:00:02]} c5 {[%emt 0:00:03]} 6. Nf3 {[%emt 0:00:02]} Nc6 {[%emt 0:00:01]} 7. Be3 {[%emt 0:00:02]} Qb6 {[%emt 0:00:02]} 8. Na4 {[%emt 0:00:06]} Qa5+ {[%emt 0:00:01]} 9. c3 {[%emt 0:00:03]} c4 {[%emt 0:00:00]} 10. b4 {[%emt 0:01:21]} Qc7 {[%emt 0:00:00]} 11. Nb2 {[%emt 0:00:20]} h5 {[%emt 0:00:46]} 12. Be2 {[%emt 0:00:29]} Ne7 {[%emt 0:00:01]} 13. O-O {[%emt 0:00:23]} Nf5 {[%emt 0:00:12]} 14. Bf2 {[%emt 0:00:13]} Be7 {[%emt 0:00:10]} 15. Qd2 {[%emt 0:00:14]} b5 {[%emt 0:01:05]} 16. a4 {[%emt 0:00:19]} Ba6 {[%emt 0:00:02]} 17. Nd1 {[%emt 0:01:31]} bxa4 {[%emt 0:00:14]} 18. Rxa4 {[%emt 0:00:04]} Bb5 {[%emt 0:00:07]} 19. Ra5 {[%emt 0:00:19]} Qc6 {[%emt 0:00:05]} 20. Ne3 {[%emt 0:00:23]} g6 {[%emt 0:00:03]} 21. Nxf5 {[%emt 0:00:10]} gxf5 {[%emt 0:00:03]} 22. Bh4 {[%emt 0:00:13]} Nf8 {[%emt 0:02:08]} 23. Bxe7 {[%emt 0:01:17]} Kxe7 {[%emt 0:00:02]} 24. Ne1 {[%emt 0:01:13]} h4 {[%emt 0:00:25]} 25. Nc2 {[%emt 0:00:10]} Ng6 {[%emt 0:02:18]} 26. Rfa1 {[%emt 0:00:57]} a6 {[%emt 0:00:38]} 27. Na3 {[%emt 0:00:03]} Kd7 {[%emt 0:02:35]} 28. Kf2 {[%emt 0:00:33]} Kc7 {[%emt 0:00:15]} 29. Ke3 {[%emt 0:00:14]} Kb7 {[%emt 0:01:36]} 30. Qa2 {[%emt 0:00:42]} Ba4 {[%emt 0:01:34]} 31. Nxc4 {[%emt 0:00:51]} dxc4 {[%emt 0:00:10]} 32. Bf3 {[%emt 0:00:31]} Bb5 {[%emt 0:00:09]} 1-0

[Event "Dvorkovich Memorial Rapid 2018"]
[Site "Taganrog"]
[Date "2018.01.14"]
[Round "8"]
[White "Vastrukhin, Oleg"]
[Black "Murzin, Volodar"]
[Result "1-0"]
[WhiteElo "2398"]
[BlackElo "2268"]
[Annotator "ChessBase"]
[PlyCount "119"]
[EventDate "2018.??.??"]
[EventType "swiss"]
[EventCountry "RUS"]
[SourceTitle "playchess.com"]
[Source "ChessBase"]
[SourceQuality "1"]
[TimeControl "900+10"]

1. Nf3 {[%emt 0:00:00]} Nf6 {[%emt 0:00:00]} 2. g3 {[%emt 0:00:00]} g6 {[%emt 0:00:02]} 3. Bg2 {[%emt 0:00:00]} Bg7 {[%emt 0:00:00]} 4. O-O {[%emt 0:00:00]} O-O {[%emt 0:00:02]} 5. d4 {[%emt 0:00:00]} d6 {[%emt 0:00:00]} 6. a4 {[%emt 0:00:00]} Nbd7 {[%emt 0:00:20]} 7. a5 {[%emt 0:00:01]} a6 {[%emt 0:00:03]} 8. Re1 {[%emt 0:00:00]} Rb8 {[%emt 0:00:54]} 9. e4 {[%emt 0:00:14]} e5 {[%emt 0:00:09]} 10. dxe5 {[%emt 0:00:02]} Nxe5 {[%emt 0:00:26]} 11. Nxe5 {[%emt 0:00:04]} dxe5 {[%emt 0:00:13]} 12. Nc3 {[%emt 0:00:18]} b5 {[%emt 0:00:31]} 13. Be3 {[%emt 0:01:34]} Be6 {[%emt 0:01:19]} 14. Bc5 {[%emt 0:00:53]} Re8 {[%emt 0:00:10]} 15. Qe2 {[%emt 0:00:17]} Nd7 {[%emt 0:00:48]} 16. Rad1 {[%emt 0:00:32]} b4 {[%emt 0:02:43]} 17. Na4 {[%emt 0:00:17]} Rb5 {[%emt 0:00:18]} 18. b3 {[%emt 0:00:27]} Qc8 {[%emt 0:00:45]} 19. Qe3 {[%emt 0:02:37]} Nxc5 {[%emt 0:00:49]} 20. Nxc5 {[%emt 0:00:02]} Rxa5 {[%emt 0:00:12]} 21. Nxe6 {[%emt 0:00:10]} Qxe6 {[%emt 0:00:06]} 22. Bf1 {[%emt 0:00:13]} Qb6 {[%emt 0:03:22]} 23. Bc4 {[%emt 0:00:24]} Qxe3 {[%emt 0:01:09]} 24. Rxe3 {[%emt 0:00:03]} Rf8 {[%emt 0:00:45]} 25. Rd7 {[%emt 0:00:15]} Rc5 {[%emt 0:00:18]} 26. Rf3 {[%emt 0:00:58]} Kh8 {[%emt 0:00:00]} 27. Rfxf7 {[%emt 0:01:06]} Rxf7 {[%emt 0:00:04]} 28. Rxf7 {[%emt 0:00:11]} a5 {[%emt 0:00:03]} 29. Re7 {[%emt 0:00:03]} Bf8 {[%emt 0:00:38]} 30. Re8 {[%emt 0:00:19]} Kg7 {[%emt 0:00:01]} 31. Ra8 {[%emt 0:00:00]} Bd6 {[%emt 0:00:18]} 32. Kg2 {[%emt 0:00:05]} Kf6 {[%emt 0:00:26]} 33. h4 {[%emt 0:00:11]} h5 {[%emt 0:01:45]} 34. Kf3 {[%emt 0:00:06]} g5 {[%emt 0:00:10]} 35. hxg5+ {[%emt 0:01:02]} Kxg5 {[%emt 0:00:01]} 36. Ke3 {[%emt 0:00:00]} Kf6 {[%emt 0:00:13]} 37. f4 {[%emt 0:00:28]} h4 {[%emt 0:00:06]} 38. f5 {[%emt 0:00:00]} hxg3 {[%emt 0:00:04]} 39. Kf3 {[%emt 0:00:10]} Rc6 {[%emt 0:00:51]} 40. Kxg3 {[%emt 0:00:01]} Rb6 {[%emt 0:00:12]} 41. Kf3 {[%emt 0:00:30]} a4 {[%emt 0:00:06]} 42. bxa4 {[%emt 0:00:00]} Rc6 {[%emt 0:00:01]} 43. Bb3 {[%emt 0:00:12]} Rc3+ {[%emt 0:00:11]} 44. Ke2 {[%emt 0:00:37]} Bc5 {[%emt 0:00:00]} 45. Ra6+ {[%emt 0:00:02]} Bd6 {[%emt 0:00:15]} 46. a5 {[%emt 0:00:06]} Rh3 {[%emt 0:00:06]} 47. Ra8 {[%emt 0:01:34]} Bc5 {[%emt 0:00:31]} 48. Rc8 {[%emt 0:00:11]} Re3+ {[%emt 0:00:06]} 49. Kd2 {[%emt 0:00:01]} Rxe4 {[%emt 0:00:08]} 50. Rxc7 {[%emt 0:00:00]} Bd4 {[%emt 0:00:01]} 51. Rf7+ {[%emt 0:00:04]} Kg5 {[%emt 0:00:01]} 52. a6 {[%emt 0:00:02]} Kf4 {[%emt 0:00:32]} 53. a7 {[%emt 0:02:43]} Bc3+ {[%emt 0:00:03]} 54. Kd3 {[%emt 0:00:15]} Rd4+ {[%emt 0:00:12]} 55. Ke2 {[%emt 0:00:00]} Rd2+ {[%emt 0:00:03]} 56. Kf1 {[%emt 0:00:05]} Rd1+ {[%emt 0:00:09]} 57. Kg2 {[%emt 0:00:02]} Ra1 {[%emt 0:00:03]} 58. Bd5 {[%emt 0:00:02]} b3 {[%emt 0:00:04]} 59. cxb3 {[%emt 0:00:37]} Ra2+ {[%emt 0:00:01]} 60. Kh3 {[%emt 0:00:09]} 1-0

[Event "Dvorkovich Memorial Rapid 2018"]
[Site "Taganrog"]
[Date "2018.01.14"]
[Round "8"]
[White "Gunchenko, Vadim"]
[Black "Kabanov, Nikolai"]
[Result "0-1"]
[WhiteElo "2338"]
[BlackElo "2478"]
[Annotator "TA"]
[PlyCount "56"]
[EventDate "2018.??.??"]
[EventType "swiss"]
[EventCountry "RUS"]
[SourceTitle "playchess.com"]
[Source "ChessBase"]
[SourceQuality "1"]

{[%evp 20,56,64,22,32,18,22,14,14,13,28,16,32,21,19,30,41,38,45,26,42,43,100,39,37,37,35,35,36,-58,-45,-52,-46,-72,35,-68,-20,-107,-92]} 1. d4 Nf6 2. c4 g6 3. Nc3 Bg7 4. e4 O-O 5. Nf3 d6 6. h3 e5 7. d5 a5 8. Bg5 Na6 9. Nd2 Nc5 10. Be2 c6 11. g4 a4 {E92: King's Indian: Classical: 6 Be2 e5: 7 dxe5, 7 Be3 and Petrosian System without 7...Nbd7} 12. b4 axb3 $1 13. axb3 Rxa1 {The position is equal.} 14. Qxa1 Qb6 {[#]} (14... Na6 {NOTEXT} 15. Qa3 c5 16. Qb2 h6 17. Bh4 Nb4) 15. Qa3 $146 ({Find the theoretical novelty and annotate with similar games:} 15. Be3 Qb4 16. O-O cxd5 17. g5 Nfxe4 18. Nxd5 Qxd2 19. Bxd2 Nxd2 {1-0 (38) Obukhov,A (2522)-Bindrich,F (2391) Alushta 2005}) 15... Qa6 16. Qxa6 Nxa6 17. O-O h5 18. f3 Re8 19. Ra1 Nh7 {[%cal Bf6h7,Bh7g5,Bg5e6][%mdl 32]} 20. Be3 Bf6 ({Better is} 20... hxg4 $14 21. hxg4 (21. fxg4 Nb4 $14) 21... Nb4) 21. Na4 (21. c5 $16) 21... Bg5 22. Bxg5 Nxg5 23. Kg2 h4 24. dxc6 (24. c5 $14) 24... bxc6 $15 25. Nb6 Bb7 26. Bf1 Ne6 ({Black should try} 26... Rb8 $17) 27. Kf2 (27. c5 $1 $14 Naxc5 28. Ra7) 27... Kf8 28. Ra5 (28. c5 $11 {keeps the balance.} Nexc5 29. Ndc4) 28... Ke7 {Precision: White = 24%, Black = 31%.} 0-1